Catálogo - Centro de Recursos para el Aprendizaje y la Investigación

Volver al Sitio - CRAI Biblioteca

Manuel diplomático y derecho diplomático / (Registro nro. 114219)

Detalles MARC
000 -CABECERA
campo de control de longitud fija 01816nam a2200313 4500
001 - NÚMERO DE CONTROL
campo de control 114219
003 - IDENTIFICADOR DEL NÚMERO DE CONTROL
campo de control DR-UNIBE
005 - FECHA Y HORA DE LA ÚLTIMA TRANSACCIÓN
campo de control 20251119091747.0
008 - DATOS DE LONGITUD FIJA--INFORMACIÓN GENERAL
campo de control de longitud fija 251118b2010 dr ||||| |||| 00| 0 spa d
020 ## - NÚMERO INTERNACIONAL ESTÁNDAR DEL LIBRO
Número Internacional Estándar del Libro 9789945458039
040 ## - FUENTE DE LA CATALOGACIÓN
Centro catalogador/agencia de origen BIBLIOTECA UNIBE
Lengua de catalogación spa
Centro/agencia transcriptor BIBLIOTECA UNIBE
041 ## - CÓDIGO DE LENGUA
Código de lengua del texto/banda sonora o título independiente spa
082 ## - NÚMERO DE LA CLASIFICACIÓN DECIMAL DEWEY
Número de edición 22
Número de clasificación RD 327.2 R457m
100 1# - ENTRADA PRINCIPAL--NOMBRE DE PERSONA
Nombre de persona Reyes Sánchez, Manuel,
Fechas asociadas al nombre 1966-
Término indicativo de función/relación autor
9 (RLIN) 200882
100 1# - ENTRADA PRINCIPAL--NOMBRE DE PERSONA
Nombre de persona Despradel Cabral, Alberto,
Fechas asociadas al nombre 1948-
Término indicativo de función/relación autor
9 (RLIN) 200883
245 10 - MENCIÓN DE TÍTULO
Título Manuel diplomático y derecho diplomático /
Mención de responsabilidad, etc. Miguel Reyes Sánchez, Alberto Despradel Cabral
250 ## - MENCIÓN DE EDICIÓN
Mención de edición Primera edición
260 ## - PUBLICACIÓN, DISTRIBUCIÓN, ETC.
Lugar de publicación, distribución, etc. Santo Domingo :
Nombre del editor, distribuidor, etc. Ediciones Senderos del Mundo,
Fecha de publicación, distribución, etc. 2010
300 ## - DESCRIPCIÓN FÍSICA
Extensión 376 páginas ;
Dimensiones 27 cm.
504 ## - NOTA DE BIBLIOGRAFÍA, ETC.
Nota de bibliografía, etc. Incluye referencias bibliográficas (páginas: 355-370) e índices
505 0# - NOTA DE CONTENIDO CON FORMATO
Nota de contenido con formato Introducción |<br/>Capítulo I. Generalidades. La diplomacia: definición, orígenes y fuentes |<br/>Capítulo II. Los órganos estatales de la política exterior |<br/>Capítulo III. El reconocimiento en derecho internacional y establecimiento de las relaciones diplomáticas |<br/>Capítulo IV. La misión diplomática |<br/>Capítulo V. Los jefes de misión |<br/>Capítulo VI. El protocolo |<br/>Capítulo VII. La precedencia diplomática |<br/>Capítulo VIII. Ceremonial de Estado y comunicaciones diplomáticas y sociales |<br/>Capítulo IX. Fuentes bibliográficas en el estudio de la diplomacia |<br/>Anexos |<br/>Bibliografía |<br/>Índice onomástico<br/><br/>
650 #7 - PUNTO DE ACCESO ADICIONAL DE MATERIA--TÉRMINO DE MATERIA
Fuente del encabezamiento o término lemb
Término de materia o nombre geográfico como elemento de entrada Diplomacia
Subdivisión de forma Manuales
9 (RLIN) 200889
650 #7 - PUNTO DE ACCESO ADICIONAL DE MATERIA--TÉRMINO DE MATERIA
Fuente del encabezamiento o término lemb
Término de materia o nombre geográfico como elemento de entrada Derecho diplomático y consular
9 (RLIN) 82829
650 #7 - PUNTO DE ACCESO ADICIONAL DE MATERIA--TÉRMINO DE MATERIA
Fuente del encabezamiento o término lemb
Término de materia o nombre geográfico como elemento de entrada Relaciones internacionales
651 #7 - PUNTO DE ACCESO ADICIONAL DE MATERIA--NOMBRE GEOGRÁFICO
Fuente del encabezamiento o término lemb
Nombre geográfico República Dominicana
Subdivisión general Relaciones exteriores
Subdivisión geográfica Haití
9 (RLIN) 14600
651 #7 - PUNTO DE ACCESO ADICIONAL DE MATERIA--NOMBRE GEOGRÁFICO
Fuente del encabezamiento o término lemb
Nombre geográfico Haití
Subdivisión general Relaciones exteriores
Subdivisión geográfica República Dominicana
9 (RLIN) 19458
655 #7 - TÉRMINO DE INDIZACIÓN--GÉNERO/FORMA
Fuente del término lemb
Datos o término principal de género/forma Manuales
9 (RLIN) 194534
942 ## - ELEMENTOS DE PUNTO DE ACCESO ADICIONAL (KOHA)
Fuente del sistema de clasificación o colocación Sistema de Clasificación Decimal Dewey
Tipo de ítem Koha Libro (general)
Existencias
Estado de retiro Estado de pérdida Fuente del sistema de clasificación o colocación No para préstamo Código de colección Localización permanente Fecha de adquisición Total de préstamos Signatura topográfica completa Código de barras Fecha visto por última vez Número de copia Precio válido a partir de Tipo de ítem Koha
  Disponible Sistema de Clasificación Decimal Dewey   General - Libros dominicanos Biblioteca Central UNIBE 19/09/2025   RD 327.2 R457m 251096 19/11/2025 Ej. 1 19/11/2025 Libro (general)